Medicine
| Format: | Book |
|---|---|
| Published: |
Virginia :
Time-Life Books ,
1991
|
| Series: | How things work
|
| Subjects: |
MARC
| LEADER | 00000cam a2200000 7i4500 | ||
|---|---|---|---|
| 001 | 0000085143 | ||
| 005 | 20200218.0 | ||
| 008 | 200218 | ||
| 020 | |a 0809478706 | ||
| 090 | 0 | 0 | |a 610 |b MED |
| 245 | 0 | 0 | |a Medicine |c [s.n] |
| 260 | |a Virginia : |b Time-Life Books , |c 1991 | ||
| 490 | 1 | |a How things work | |
| 650 | 0 | |a Medicine |x Popular | |
| 999 | |a 0000794444 |b Book |c Adult Collection |e Cawangan Segamat | ||
| 999 | |a 0000794667 |b Book |c Adult Collection |e Cawangan Segamat | ||